Statistics for French Phrases used in English

Click here to take the quiz!

General Stats

  • This quiz has been taken 32,816 times
    (25,419 since last reset)
  • The average score is 11 of 22

Answer Stats

Clue Answer % Correct
"Enjoy your meal!"Bon Appétit
95%
The illusion of having experienced
the same thing before
Déjà Vu
88%
Snails as foodEscargot
86%
Limo driverChauffeur
84%
Military overthrow of the governmentCoup d'état
72%
On the contraryAu Contraire
61%
Dead-end of a streetCul-de-sac
61%
Young woman introduced
to society for the first time
Débutante
52%
The newly richNouveau Riche
49%
Refers to separately-priced menu itemsÀ la Carte
47%
Lacking in social graces;
Literally "left"
Gauche
46%
The wealthier class of commonersBourgeoisie
46%
Goose liverFoie Gras
46%
The joy of lifeJoie de Vivre
42%
Dangerously charming womanFemme Fatale
39%
"Hands-off" system of government Laissez-Faire
38%
Wine stewardSommelier
37%
AppetizerHors d'œuvre
28%
A fancy shindigSoirée
26%
Thawing of political tensions,
such as in the Cold War
Détente
23%
Artistic vanguardAvant-Garde
20%
Morale of the troopsEsprit de Corps
15%

Score Distribution

Percentile by Number Answered

Percent of People with Each Score

Your Score History

You have not taken this quiz since the last reset